000 01708cam a22005054i 4500
003 PE-LiUPU
005 20250731165512.0
008 150623s r 000 0 d
020 _a1841270954
035 _a(Sirsi) i9781841270951
040 _aPE-LiUPU
_bspa
_cPE-LiUPU
_erda
049 _aPRUA
082 0 4 _a221.077
_bNC
_221
100 1 _aCoggins, Richard James,
_eautor.
245 1 0 _aJoel and Amos.
_n29 /
_cRichard James Coggins.
264 1 _aSheffield, England :
_bSheffield Academic Press,
_c2000.
300 _a170 páginas ;
_c22 centímetros
336 _atext
_2rdacontent
337 _aunmediated
_2rdamedia
338 _avolume
_2rdacarrier
490 0 _aNew Century Bible Commentary
505 0 _aCommentary on Joel. -Commentary on Amos.
526 _aSEG44
526 _aSEG26
526 _aP151
526 _aP150
526 _aP149
526 _aP146
526 _aP145
526 _aP126
526 _aP125
526 _aP92
526 _aP75
526 _aP74
526 _aP27
526 _aP15
630 _aBiblia.
_pA.T.
_pAmós
_xComentarios.
630 _aBiblia.
_pA.T.
_pJoel
_xComentarios.
942 _2ddc
_cBOOK
949 _aRC 221.077 NC 29
_wDEWEY
_c1
_i48632
_lCCODEBUL1
_mBUL
_r0
_sY
_tBOOK
_u2015-6-24
_xTEOLOGIA
_PP35
_0COMPRA
_o.CIRCNOTE. No olvidar cambiar la fecha de devolución!!!!!!!
_o.STAFF. Colección General
994 _aC0
_bPEPRU
596 _a1
999 _aRC 221.077 NC 29
_wDEWEY
_c27802
_i48632
_f2021-11-8
_g6
_lCCODEBUL1
_mBUL
_r1
_sY
_tBOOK
_u2015-6-24
_xTEOLOGIA
_PP35
_0COMPRA
_o.CIRCNOTE. No olvidar cambiar la fecha de devolución!!!!!!!
_o.STAFF. Colección General
_d27802
980 _81
_gALBERTO SANCHEZ Responsable de Automatización